Study of vehicle routing in daily latex collection from scattered collection stations (Record no. 69825)

MARC details
000 -LEADER
fixed length control field 00326nam a2200109Ia 4500
245 #0 - TITLE STATEMENT
Title Study of vehicle routing in daily latex collection from scattered collection stations
260 ## - PUBLICATION, DISTRIBUTION, ETC. (IMPRINT)
Name of publisher Planters Bulletin
Year of publication 1972
300 ## - PHYSICAL DESCRIPTION
Number of Pages 105-113
650 ## - SUBJECT ADDED ENTRY--TOPICAL TERM
Topical Term Latex collection
942 ## - ADDED ENTRY ELEMENTS (KOHA)
Koha item type Journals
Holdings
Withdrawn status Lost status Damaged status Not for loan Home library Current library Shelving location Date acquired Serial Enumeration / chronology Koha item type
      Journals RRII Library RRII Library Rubber general 17/12/2021 Volume 120, Issue Journals